00591nam a2200205Ia 450000500170000000800410001702000150005808200150007324500460008826000280013430000130016265000140017565000140018965000130020370000270021670000260024394200060026995200970027599900130037220240627021026.0240331s9999 xx 000 0 und d a0415091276 a123.5bPOL 0aPolitics of liberationbpaths from freire aLondonbRoutledgec1994 a229 p ., aSociology aEducation aPolitics aMclaren, L petereedt aLankshear, Colineedt cL 001040708LaWERCLbWERCLcSSCd2024-03-31l0o 123.5 POLp3966r2024-03-31w2024-03-31yL c709d709